000 00716nam a2200265Ia 4500
003 OSt
005 20220925220018.0
006 a|||||r|||| 00| 0
007 ta
008 220923b |||||||| |||| 00| 0 eng d
020 _a0 900537 01 9
037 _cGeneral Book
040 _aRTL
_cRTL
_beng
041 _2eng
_aeng
082 _aX:326, L2
100 _aCopeman George
_9127507
245 0 _aCapital as an incentive
260 _aLondon
_bLeviathan
_c1972
300 _a221p
_ccm.
500 _aAppendix: P 95-222
650 _aCapitalist Interest
700 _a Rumble Tony
_9283982
942 _hX:326, L2
_cGB
_2CC
999 _c570296
_d570296